| 000 | 00529nam a2200181 a 4500 | ||
|---|---|---|---|
| 005 | 20210219152943.0 | ||
| 008 | 991125n 000 0 u | ||
| 035 | _aUPN01000068646 | ||
| 222 | _aCOMUNICACION EDUCATIVA | ||
| 245 | _aCONALEP facilita la capacitación a empíricos | ||
| 300 | _a16 | ||
| 362 | _a1991 Año 8, no. 91 may. | ||
| 653 | 0 | _aCOLEGIO NACIONAL DE EDUCACION PROFESIONAL TECNICA (MEXICO) | |
| 653 | 0 | _aEDUCACION TECNICA | |
| 653 | 0 | _aFORMACION PROFESIONAL | |
| 904 |
_aAC _b006457 |
||
| 905 | _aArticulo | ||
| 999 |
_c64645 _d64645 |
||